Statistics for Countries of Australia and Southeast Asia - One Minute Sprint

Click here to take the quiz!

General Stats

  • This quiz has been taken 207 times
    (195 since last reset)
  • The average score is 17 of 25

Answer Stats

Country % Correct
Australia
92%
New Zealand
88%
Indonesia
85%
Malaysia
79%
Fiji
74%
Singapore
70%
Palau
68%
Laos
68%
Vietnam
68%
Samoa
68%
Thailand
67%
Vanuatu
66%
Papua New Guinea
63%
Tonga
63%
Cambodia
63%
Nauru
63%
Solomon Islands
61%
Philippines
61%
Burma
60%
Marshall Islands
60%
Kiribati
59%
Tuvalu
58%
East Timor
57%
Brunei
54%
Federated States of Micronesia
51%

Score Distribution

Percentile by Number Answered

Percent of People with Each Score

Your Score History

You have not taken this quiz since the last reset